000 01206cam a2200241 4500
005 20251111104945.0
008 251111b mx ||||| |||| 00| 0 spa d
020 _a968163084X
050 0 4 _aF1231.2
_bP74 1988
100 1 _aPrem, Hanns J.,
_d1941-
240 1 0 _aMilpa und Hacienda. Indianischer und Spanischer Landbesitz im Becken des Alto Atoyac, Puebla, México (1520-1650).
_lEspañol
245 1 0 _aMilpa y hacienda
_b : Tenencia de la tierra indigena y española en la cuenca del Alto Atoyac, Puebla, México 1520-1600
_c / Hanns J. Prem. con la contribución de Ursula Dyckerhoff y Günter Miehlich : traducción de María Martínez Peñaloza
250 _a1a ed.
260 _aMéxico :
_bCIESAS ;
_bFondo de Cultura Económica,
_c1988
300 _a306 paginas :
_bilustraciones ;
_c29 cm.
650 7 _2lemb
_aHaciendas
_zMéxico
_zValle de Atoyac
_xHistoria
_y1520-1650
650 7 _2lemb
_aTenencia de la tierra
_zMéxico
_zValle de Atoyac
_xHistoria
_y1520-1650
651 7 _2lemb
_aMéxico
_xHistoria
_yColonia española, 1540-1810
700 1 _aDyckerhoff, Ursula,
_ecoautor
700 1 _aMiehlich, Günter,
_ecoautor
700 1 _aMartínes Peñaloza, María,
_etraductor
942 _2lcc
_cLIB
999 _c79110
_d79110